Monaco by Picture - Statistics

General Stats
  • This quiz has been taken 36 times
  • The average score is 8 of 18
Answer Stats
Picture Hint Answer % Correct
Casino Monte Carlo Casino
89%
Prince Albert II
71%
Movie Madagascar 3: Europe's Most Wanted
69%
Currency Euro
66%
Motor racing Grand Prix de Monaco
66%
Coastal region French Riviera
63%
Actress Grace Kelly
63%
Sport club AS Monaco FC
60%
Body of water Mediterranean Sea
57%
Country Indonesia
51%
Reigning house Grimaldi
46%
Nickname/Ward The Rock
29%
Museum Oceanographic Museum
26%
Port/Mythological hero Port {Hercules}
23%
Character Rayman
17%
Sport competition Rolex Monte Carlo Masters
17%
Movie Herbie Goes to Monte Carlo
11%
Monument Prince's Palace of Monaco
11%
No matching quizzes found
Score Distribution
Percent of People with Each Score
Percentile by Number Answered
Your Score History
You have not taken this quiz